| 000 | 00622nam a2200145Ia 4500 | ||
|---|---|---|---|
| 008 | 100122s9999 xx 000 0 und d | ||
| 082 |
_b10634 _a294.5924 |
||
| 100 | _aगांधी महात्मा | ||
| 245 | _aगांधी विचार दर्शन - गीताविचार - 2 | ||
| 260 |
_bगांधी वाडमय प्रकाशन समिती _c1959 |
||
| 300 | _a61 | ||
| 630 | _aगांधी विचार दर्शन - गीताविचार - 2 | ||
| 730 | _aगांधी विचार दर्शन - गीताविचार - 2 | ||
| 942 | _cBOOK | ||
| 999 |
_c402231 _d402228 |
||